000
00308nam a2200133Ia 4500
008
190328s9999||||xx |||||||||||||| ||und||
082
_a
301
_b
MYN/S
100
_a
MYNENI, S. R.
245
0
_a
SOCIOLOGY
260
_a
Faridabad
_b
Allahabad Law Agency
_c
2016
300
_a
556
650
_a
Sociology
942
_c
BK
999
_c
3837
_d
3837